000 00536nam a2200181Ia 4500
005 20250508151405.0
008 008 250505s9999 xx 000 0 eng d
037 _aReference
040 _aFEDL
_beng
_cFEDL
041 _aeng
_2eng
084 _a370.954, VYA
_qFEDL
100 _aVyas K C
_947145
245 0 _aDevelopment of national education in India
260 _aBombay, India
_bVora and Company Publishers Private Limited
_c1954
300 _a140p.
942 _cREF
_h370.954, VYA
999 _c1329473
_d1329473